[Event "Russian city in HollanD?"]
[Site "SchemingMind.com"]
[Date "2010.05.04"]
[Round "-"]
[White "tyler_ensor"]
[Black "jl1234"]
[Result "1/2-1/2"]
[WhiteCountry "CAN"]
[BlackCountry "POL"]
[WhiteElo "1800"]
[WhiteRD "62"]
[BlackElo "1716"]
[BlackRD "76"]
[GameID "246977"]

1. d4 f5 2. g3 Nf6 3. Bg2 g6 4. Nf3 Bg7 5. O-O O-O 6. c4 d6 7. Nc3 c6 8. d5 e5 9. dxe6 Bxe6 10. Qd3 Na6
11. a3 Nc5 12. Qd4 Nb3 13. Qe3 Bxc4 14. Rb1 Ng4 15. Qf4 Bf7 16. h3 Ne5 17. Be3 Nc4 18. Rfd1 Qe7 19. Rd3 Ne5 20. Nxe5 dxe5
21. Qb4 Qxb4 22. axb4 a5 23. bxa5 Nd4 24. Ra1 Bc4 25. Rdd1 Nc2 26. Bc5 Nxa1 27. Bxf8 Bxf8 28. Rxa1= Bb4 29. Ra4 Bxc3 30. Rxc4 Bxa5
31. Ra4 Ra7 32. b4 Bb6 33. Rxa7 Bxa7 34. b5 cxb5 35. Bxb7 Kg7 36. e4 Kf6 37. Kf1 Kg5 38. Ke2 f4 39. Bd5 h5 40. Kf3 fxg3=
1/2-1/2

[Event "Russian city in HollanD?"]
[Site "SchemingMind.com"]
[Date "2010.07.23"]
[Round "-"]
[White "tyler_ensor"]
[Black "andu"]
[Result "1/2-1/2"]
[WhiteCountry "CAN"]
[BlackCountry "AUT"]
[WhiteElo "1797"]
[WhiteRD "71"]
[BlackElo "2106"]
[BlackRD "65"]
[GameID "254915"]

1. d4 f5 2. g3 Nf6 3. Bg2 g6 4. Nf3 Bg7 5. O-O O-O 6. c4 d6 7. Nc3 Nc6 8. d5 Na5 9. Qa4 b6 10. Qc2 Nxc4
11. Nb5 a6 12. Nbd4 b5 13. Ng5 Re8 14. Nge6 Bxe6 15. Nxe6 Qd7 16. b3 Ne5 17. Qxc7 Rec8 18. Qxd7 Nexd7 19. Bb2 Rc2 20. Nxg7 Rxb2
21. Ne6 Rxe2 22. Rfc1 Nb6 23. Rd1 Rc8 24. Nd4 Rb2 25. Nc6 Kf7 26. Nb4=
1/2-1/2

[Event "Russian city in HollanD?"]
[Site "SchemingMind.com"]
[Date "2010.07.23"]
[Round "-"]
[White "andu"]
[Black "tyler_ensor"]
[Result "1-0"]
[WhiteCountry "AUT"]
[BlackCountry "CAN"]
[WhiteElo "2106"]
[WhiteRD "65"]
[BlackElo "1797"]
[BlackRD "71"]
[GameID "254918"]

1. d4 f5 2. g3 Nf6 3. Bg2 g6 4. Nf3 Bg7 5. O-O O-O 6. c4 d6 7. Nc3 Qe8 8. Qc2 Na6 9. a3 c5 10. Bg5 h6
11. Be3 e5 12. dxe5 dxe5 13. Nh4 e4 14. Bh3 Be6 15. Rac1 Bxc4 16. Nxe4 Nxe4 17. Qxc4+ Kh7 18. Rfd1 Rd8 19. Rxd8 Qxd8 20. Nxg6 Rf6
21. Nh4 Nd6 22. Qd3 Qc8 23. Bd4
1-0